A Quiz About Sparta - Statistics

General Stats
  • This quiz has been taken 635 times
  • The average score is 8 of 15
Answer Stats
Hint Answer % Correct
Sparta fought a 27 year long war with this city Athens
98%
Spartan king who led those 300 soldiers Leonidas
81%
Name of the war they fought Peloponnesian War
81%
This ruler never tried to conquer Sparta, although he even conquered Persia Alexander the Great
74%
300 Spartans died in this battle while fighting the Persians Battle of Thermopylae
70%
The Spartans claimed to be the descendants of this divine hero in Greek mythology Heracles
70%
Type of rectangular battle formation that made their army so successful Phalanx
59%
This city-state defeated Sparta at the Battle of Leuctra, the start of Sparta's decline Thebes
47%
This group had relatively higher freedom than other Greek city-states Women
47%
Fictional Spartan portrayed in "God of War" video game, nicknamed "Ghost of Sparta" Kratos
42%
Term for the state-owned enslaved non-Spartan locals Helots
35%
This Italian city was founded by Sparta in the 8th century BC (sounds like a Canadian city) Taranto
25%
Sparta was also known by this name Lacedaemon
24%
Greek letter which was used by the Spartan army Lambda
24%
Term for the non-citizens of Sparta who worked as craftsmen and traders, and built weapons for the Spartans Perioeci
18%
No matching quizzes found
Score Distribution
Percent of People with Each Score
Percentile by Number Answered
Your Score History
You have not taken this quiz